Nubian architecture : the Egyptian vernacular experience /

محفوظ في:

المؤلف الرئيسي: El-Hakim, Omar M.

التنسيق: كتاب

اللغة: English

منشور في: Cairo, Egypt : Palm Press, 1999.

الطبعة: 2nd ed., rev.

الموضوعات:

الوسوم: إضافة وسم

لا توجد وسوم, كن أول من يضع وسما على هذه التسجيلة!

رقم الطلب: NA1584.N83 E45 1999

LEADER 01024cam a2200313 a 4500
001 ocm45989782
003 OCoLC
005 20240130075123.0
008 010220s1999 ua ab b 001 0 eng c
020 |a 9775089263 
020 |a 9789775089267 
043 |a f-ua--- 
050 4 |a NA1584.N83  |b E45 1999 
100 1 |a El-Hakim, Omar M. 
245 1 0 |a Nubian architecture :  |b the Egyptian vernacular experience /  |c Omar M. El-Hakim. 
250 |a 2nd ed., rev. 
264 1 |a Cairo, Egypt :  |b Palm Press,  |c 1999. 
300 |a viii, 104 pages :  |b illustrations, maps ;  |c 24 cm 
336 |a text  |b txt  |2 rdacontent 
337 |a unmediated  |b n  |2 rdamedia 
338 |a volume  |b nc  |2 rdacarrier 
504 |a Includes bibliographical references (pages 93-95) and index. 
650 0 |a Vernacular architecture  |z Nubia. 
650 0 |a Vernacular architecture  |z Egypt. 
650 0 |a Architecture, Domestic  |z Nubia. 
650 0 |a Architecture, Domestic  |z Egypt. 
650 0 |a Dwellings  |z Nubia. 
650 0 |a Dwellings  |z Egypt. 
999 |c 55711  |d 55711